000 00426nam a2200145Ia 4500
008 100415s9999 xx 000 0 und d
082 _b13109
_a574.50723
100 _aWilliams, Georeth
245 _aTechniques And Field Work In Ecology
260 _aLONDON
_c1987
_bCOLLINS EDUCATIONAL
365 _b0
630 _aTechniques And Field Work In Ecology
730 _aTechniques And Field Work In Ecology
942 _cBOOK
999 _c596025
_d596022